Novela Zákonníka práce - 2018
Novela zákona č. 311/2001 Z. z. Zákonníka práce s účinnosťou od 1. mája 2018. Vysielanie - dočasný výkon práce na území SR zamestnancov zamestnávateľa usadeného mimo členského štátu Európskej únie/EHP. Uvedenie základnej zložky mzdy vo zverejnenej ponuke zamestnania. Potvrdenie o zamestnaní. Pracovn...
Saved in:
| Main Author: | |
|---|---|
| Format: | Book Chapter |
| Language: | Slovak |
| Subjects: | |
| Tags: |
No Tags, Be the first to tag this record!
|
MARC
| LEADER | 00000naa a2200000 4500 | ||
|---|---|---|---|
| 001 | 0241876 | ||
| 005 | 20180410132328.3 | ||
| 041 | 0 | |a slo | |
| 044 | |a SK | ||
| 245 | 1 | 0 | |a Novela Zákonníka práce - 2018 |c Jozef Toman |
| 520 | |a Novela zákona č. 311/2001 Z. z. Zákonníka práce s účinnosťou od 1. mája 2018. Vysielanie - dočasný výkon práce na území SR zamestnancov zamestnávateľa usadeného mimo členského štátu Európskej únie/EHP. Uvedenie základnej zložky mzdy vo zverejnenej ponuke zamestnania. Potvrdenie o zamestnaní. Pracovná pohotovosť vo sviatok. Náhradné voľno za prácu vo sviatok. Mzdové zvýhodnenie za prácu vo sviatok, v sobotu, v nedeľu, za nočnú prácu. Ďalšie zmeny. | ||
| 610 | 2 | 0 | |a zákonník práce |
| 610 | 2 | 0 | |a novelizácia |
| 610 | 2 | 0 | |a vzťahy pracovnoprávne |
| 610 | 2 | 0 | |a zamestnanci |
| 610 | 2 | 0 | |a zamestnávatelia |
| 100 | 1 | |a Toman, Jozef | |